Marcas de coches mas vendidas del mundo - Estadísticas

Estadísticas generales
  • Esta prueba ha sido intentada 484 veces
  • La puntuación promedio es 9 de 15
Estadísticas de respuestas
Hint Respuesta % Correcto
2.492 K Mercedes
87%
2.253 K BMW
83%
9.843 K Toyota
83%
1.895 K Audi
82%
4.246 K Ford
80%
5.276 K Volkswagen
75%
3.993 K Hyundai
62%
3.290 K Nissan
60%
3.854 K Honda
59%
1.809 K Tesla
52%
2.790 K Chevrolet
51%
3.087 K Kia
51%
3.073 K Suzuki
36%
2.885 K BYD
17%
1.899 K Changan
2%
No se encontraron pruebas coincidentes
Distribución de puntuación
Porcentaje de gente con cada puntuación
Porcentaje por número respondido
Historial de tus puntuaciones
No has intentado esta prueba.